LEADER 00892nam a2200229 a 4500 001 000000123691 003 CaOOAMICUS 005 20101111101904.0 008 101111t1954 it u000 u ita r 040 $aPUL$bita 100 1 $aBoni, Guido.$0(OLS)http://pul/name/77955 245 12$aL'essere nella spontaneità creativa e nella riflessione razionale /$cGuido Boni. 260 $aRoma :$bLimiti,$c1954. 300 $a704 p. ;$c24 cm 650 4$aEssere (concetto).$0(OLS)http://pul/subject/9782 650 4$aOntologia$xStudi.$0(OLS)http://pul/subject/23178 850 $aPUL 852 $aPUL$W1$xDP1 Filosofia 1$y19$m590 H 40$j142441$qStampati$B141397$CPULBib$Z2$F141397 $82 941 1 $a8 996 $6245$aL'essere nella spontaneità creativa e nella riflessione razionale$9(OLS)http://pul/title/155901 996 $6260$aRoma :$bLimiti$9(OLS)http://pul/publisher/81469 LEADER 01088nam a2200277 a 4500 001 000000130578 003 CaOOAMICUS 005 20121002104032.0 008 121002s2012 it u000 u ita r 020 $a978-88-215-7325-5 040 $aPUL$bita 082 04$a238 100 1 $aForte, Bruno,$carciv. di Chieti-Vasto,$d1949-$0(OLS)http://pul/name/11848 245 13$aLa porta della fede :$bsul mistero cristiano /$cBruno Forte. 250 $a2. ed. 260 $aCinisello Balsamo :$bSan Paolo,$c2012. 300 $a120 p. ;$c21 cm. 650 4$aFede$ySec. XX.$0(OLS)http://pul/subject/29329 850 $aPUL 852 $aPUL$W1$xSL Religione 3$y85$m238 FORBR 1$j151019$qDDC 21$B149706$CPULBib$Z2$F149706 $H120816 $82 941 1 $a9 996 $6020$a978-88-215-7325-5$9(OLS)http://pul/number/150649 996 $6082$a238$9(OLS)http://pul/classification/2326 996 $6245$aLa porta della fede :$bsul mistero cristiano$9(OLS)http://pul/title/165037 996 $6260$aCinisello Balsamo :$bSan Paolo$9(OLS)http://pul/publisher/54577